Films avec Omar Sy - Statistiques

Statistiques générales
  • Ce quiz a été pris 158 fois
  • Le résultat moyen est 7 sur 16
Answers on the Grid
Answers color-coded by a green-red scale on the quiz's grid according to % correct below.
Intouchable
Chocolat
Polisse
Le chant du loup
Nos jours heureux
Yao
La vie d'Adèle
Inferno
X-men : day of future past
Les misérables
Jurassic World
Les tuches
La famille Bélier
Avatar
De l'autre côté du périph
Les petits mouchoirs
Knock
La nuit au musée
lLe flic de Bellevile
Samba
Monsieur Aznavour
Tout simplement noir
Sur la piste du marsupilami
L'appel de la fôret
Tirailleurs
Adieu les cons
Le prince oublié
Annette
Halal police d'état
Le flic de Berverly Hills
 
Statistiques - réponses
Réponse % Correct
Intouchable
82%
Chocolat
66%
Samba
66%
Nos jours heureux
58%
Jurassic World
53%
De l'autre côté du périph
50%
Tirailleurs
47%
lLe flic de Bellevile
43%
X-men : day of future past
40%
Le prince oublié
35%
Le chant du loup
30%
Knock
27%
Tout simplement noir
22%
L'appel de la fôret
21%
Inferno
19%
Yao
15%
Aucun quiz correspondant
Distribution des résultats
% des personnes avec chaque résultat
Percentile par nombre de réponses
Votre historique - résultats
Vous n’avez pas pris ce quiz